Czołgi, których było najwięcej wyprodukowanych - Statystyki

Ogólne statystyki
  • Ten quiz został rozwiązany 74 razy
  • Średni wynik to 6 z 20
Statystyki odpowiedzi
Ilość Nazwa czołgu % Poprawnych
84 000 T-34
96%
96 500 T-54 / T-55
65%
13 500 PzKpf. IV
62%
6 000 Panther/PzKpf. V
58%
15 700 PzKpf. III
52%
49 000 M4 Sherman
44%
25 000 T-72
42%
3 850 IS-2
38%
5 600 Churchill
33%
10 000 Stug III
23%
22 700 T-62
23%
8 300 Valentine
19%
5 300 BT-7
15%
4 700 SU-152/ISU-152
15%
6 500 SU-85/SU-100
13%
11 700 M48 Patton
10%
15 000 M60 Patton
8%
7 700 AMX-13
4%
14 000 SU-76
4%
9 500 Type 59
2%
Nie znaleziono quizów pasujących do podanych kryteriów
Rozkład punktacji
Procent ludzi z każdym wynikiem
Percentyl według liczby udzielonych odpowiedzi
Twoja historia wyników
Nie rozwiązałeś tego quizu